000
00420nam a2200145Ia 4500
008
090124s9999 xx 000 0 und d
082
_b
133504
_a
102176
245
_a
भेटीलागी जीवा
250
_a
1
260
_b
तिबिले अनंत.
_c
2005
300
_a
192
630
_a
भेटीलागी जीवा
730
_a
भेटीलागी जीवा
942
_c
BOOK
999
_c
179739
_d
179739